Eastern Utah Libraries Catalog: Duchesne, Heber, Roosevelt, & Vernal

The vibrant years / (Record no. 379321)

MARC details
000 -LEADER
fixed length control field 02337cim a2200337 i 4500
005 - DATE AND TIME OF LATEST TRANSACTION
control field 20230228134212.0
007 - PHYSICAL DESCRIPTION FIXED FIELD--GENERAL INFORMATION
fixed length control field sd fungnnuuneu
008 - FIXED-LENGTH DATA ELEMENTS--GENERAL INFORMATION
fixed length control field 221012s2022 nnnn ## n eng d
020 ## - INTERNATIONAL STANDARD BOOK NUMBER
International Standard Book Number 9781713681816 (audiobook)
Terms of availability 34.99
040 ## - CATALOGING SOURCE
Original cataloging agency CTMMSN
Language of cataloging eng
Description conventions rda
Transcribing agency CTMMSN
082 04 - DEWEY DECIMAL CLASSIFICATION NUMBER
Classification number 813/.6
Edition number 23
082 04 - DEWEY DECIMAL CLASSIFICATION NUMBER
Classification number [FIC]
092 ## - LOCALLY ASSIGNED DEWEY CALL NUMBER (OCLC)
Classification number Audiobooks Fiction
Item number Dev, Sonali
100 1# - MAIN ENTRY--PERSONAL NAME
Personal name Dev, Sonali,
Relator term author.
9 (RLIN) 5980754
245 14 - TITLE STATEMENT
Title The vibrant years /
Statement of responsibility, etc Sonali Dev.
250 ## - EDITION STATEMENT
Edition statement Unabridged.
264 #2 - Production, Publication, Distribution, Manufacture, and Copyright Notice.
Place of production, publication, distribution, manufacture Old Saybrook, Connecticut :
Name of producer, publisher, distributor, manufacturer www.micromarketing.org
264 #1 - Production, Publication, Distribution, Manufacture, and Copyright Notice.
Place of production, publication, distribution, manufacture [Grand Haven, Michigan?] :
Name of producer, publisher, distributor, manufacturer [Brilliance Audio],
Date of production, publication, distribution, manufacture, or copyr [2022].
300 ## - PHYSICAL DESCRIPTION
Extent 9 sound discs (approximately N/A hours) :
Other physical details digital, CD audio ;
Dimensions 4 3/4 in.
336 ## - Content Type
Content type term spoken word
337 ## - Media type
Media type term audio
338 ## - Carrier type
Carrier type term audio disc
500 ## - GENERAL NOTE
General note [Typographic symbols and accents removed for systems compatibility.]
511 0# - PARTICIPANT OR PERFORMER NOTE
Participant or performer note Read by Soneela Nankani [and others].
520 ## - SUMMARY, ETC.
Summary, etc "Living on their own terms means being there for one another. When sixty-five-year-old Bindu Desai inherits a million dollars, she's astounded--and horrified. The windfall threatens to expose a shameful mistake from her youth. Desperate to keep the secret, Bindu quickly spends it on something unexpected: a condo in a posh retirement community in Florida. The impulsive decision blindsides Bindu's daughter-in-law, Aly. At forty-seven, Aly still shares a home with Bindu even after her divorce from Bindu's son. But maybe this change is just the push Aly needs to fight for the segment she's been promised for years at the news station where she works. As Bindu and Aly navigate their new dynamic, Aly's daughter, Cullie, is faced with losing the business that made her a tech-world star. The only way to save it is to deliver a new idea to her investors--and of course they want the half-baked dating app she pitched them in a panic. Problem is, Cullie has never been on a real date. Naturally, enlisting her single mother and grandmother to help her with the research is the answer."--Provided by publisher.
650 #0 - SUBJECT ADDED ENTRY--TOPICAL TERM
Topical term or geographic name as entry element Inheritance and succession
Form subdivision Fiction.
9 (RLIN) 5673711
655 #7 - INDEX TERM--GENRE/FORM
Genre/form data or focus term Audiobooks.
Source of term lcgft
700 1# - ADDED ENTRY--PERSONAL NAME
Personal name Nankani, Soneela,
Relator term narrator.
9 (RLIN) 5896543
942 ## - ADDED ENTRY ELEMENTS (KOHA)
Source of classification or shelving scheme Dewey Decimal Classification
Koha item type Audiobook on CD
949 ## - LOCAL PROCESSING INFORMATION (OCLC)
n www.MicroMarketing.org 800-229-9887
Holdings
Withdrawn status Lost status Source of classification or shelving scheme Damaged status Not for loan Collection code Home library Current library Shelving location Date acquired Source of acquisition Total Checkouts Total Renewals Full call number Barcode Date last seen Date checked out Cost, replacement price Price effective from Koha item type
    Dewey Decimal Classification     Audiobooks Wasatch County Library Wasatch County Library Second Floor 02/28/2023 Micromarketing 1 1 CD Dev 34301002000240 03/07/2024 03/03/2023 45.00 02/28/2023 Audiobook on CD
This project was made possible through a grant from the Institute of Museum and Library Service administered by the Utah State Library Division.

Wasatch County Library

  • 465 East 1200 South, Heber City, Utah 84032
  • Phone 435-654-1511 | Fax 435-654-6456

Hours

  • Monday - Friday 9:30 AM - 8:00 PM
  • Saturday 9:30 AM - 1:30 PM
  • Closed Sundays and Holidays